<?xml version="1.0" encoding="UTF-8"?><?xml-stylesheet type="text/xsl" href="static/style.xsl"?><OAI-PMH xmlns="http://www.openarchives.org/OAI/2.0/" xmlns:xsi="http://www.w3.org/2001/XMLSchema-instance" xsi:schemaLocation="http://www.openarchives.org/OAI/2.0/ http://www.openarchives.org/OAI/2.0/OAI-PMH.xsd"><responseDate>2026-04-29T01:00:06Z</responseDate><request verb="GetRecord" identifier="oai:repisalud.isciii.es:20.500.12105/10197" metadataPrefix="marc">https://repisalud.isciii.es/rest/oai/request</request><GetRecord><record><header><identifier>oai:repisalud.isciii.es:20.500.12105/10197</identifier><datestamp>2024-05-21T11:02:18Z</datestamp><setSpec>com_20.500.12105_2203</setSpec><setSpec>com_20.500.12105_2202</setSpec><setSpec>col_20.500.12105_19505</setSpec><setSpec>col_20.500.12105_19585</setSpec></header><metadata><record xmlns="http://www.loc.gov/MARC21/slim" xmlns:dcterms="http://purl.org/dc/terms/" xmlns:doc="http://www.lyncode.com/xoai" xmlns:xsi="http://www.w3.org/2001/XMLSchema-instance" xsi:schemaLocation="http://www.loc.gov/MARC21/slim http://www.loc.gov/standards/marcxml/schema/MARC21slim.xsd">
   <leader>00925njm 22002777a 4500</leader>
   <datafield ind2=" " ind1=" " tag="042">
      <subfield code="a">dc</subfield>
   </datafield>
   <datafield ind2=" " ind1=" " tag="720">
      <subfield code="a">Instituto de Salud Carlos III. Centro Nacional de Epidemiología</subfield>
      <subfield code="e">author</subfield>
   </datafield>
   <datafield ind2=" " ind1=" " tag="260">
      <subfield code="c">2010-12-11</subfield>
   </datafield>
   <datafield ind2=" " ind1=" " tag="520">
      <subfield code="a">En la semana 49/2010 la tasa global de incidencia de gripe disminuye a 13,76 casos por 100.000 habitantes continuando por debajo del umbral basal establecido para la temporada 2010-2011. El nivel de intensidad gripal es bajo en el territorio sujeto a vigilancia y se asocia a una circulación esporádica y mixta de los virus de la gripe AnH1N1 y B.   En la semana 49/2010 se han notificado cuatro casos graves hospitalizados confirmados de virus de la gripe AnH1N1; todos son varones entre 24-57 años que no presentaban factores  de riesgo y fueron admitidos en UCI entre el 5 y 11 de diciembre. Dos presentaron síndrome de distrés respiratorio agudo y los otros dos neumonía. Hasta la semana 49/2010 se han notificado nueve casos graves hospitalizados confirmados de gripe, todos hombres y el 78% sin factores de riesgo.</subfield>
   </datafield>
   <datafield ind1="8" ind2=" " tag="024">
      <subfield code="a">http://hdl.handle.net/20.500.12105/10197</subfield>
   </datafield>
   <datafield tag="653" ind2=" " ind1=" ">
      <subfield code="a">Gripe</subfield>
   </datafield>
   <datafield tag="653" ind2=" " ind1=" ">
      <subfield code="a">Vigilancia epidemiológica</subfield>
   </datafield>
   <datafield ind2="0" ind1="0" tag="245">
      <subfield code="a">La actividad gripal es baja en España y se asocia a la circulación esporádica de los virus de la gripe AnH1N1 y B    Vigilancia de la gripe en España  Temporada 2010-2011. Semana 49/2010 (del 5 al 11 de diciembre de 2010)</subfield>
   </datafield>
</record></metadata></record></GetRecord></OAI-PMH>